APPLIED MATHEMATICS FOR ENGINEER'S AND PHYSICISTS (Record no. 567966)

000 -LEADER
fixed length control field 00281nam a22001097a 4500
082 ## - DEWEY DECIMAL CLASSIFICATION NUMBER
Classification number 515.07 PIP'A
100 ## - MAIN ENTRY--PERSONAL NAME
Personal name PIPES, LOUIS A
9 (RLIN) 57693
245 ## - TITLE STATEMENT
Title APPLIED MATHEMATICS FOR ENGINEER'S AND PHYSICISTS
260 ## - PUBLICATION, DISTRIBUTION, ETC.
Place of publication, distribution, etc. NEWYORK
Name of publisher, distributor, etc. MCGRAW HILL
Date of publication, distribution, etc. 1958
300 ## - PHYSICAL DESCRIPTION
Extent 723P
942 ## - ADDED ENTRY ELEMENTS (KOHA)
Koha item type Book
Holdings
Withdrawn status Lost status Damaged status Not for loan Permanent Location Current Location Shelving location Date acquired Total Checkouts Full call number Barcode Date last seen Price effective from Koha item type
        College of Electrical & Mechanical Engineering (CEME) College of Electrical & Mechanical Engineering (CEME) General Stacks 07/13/2017   515.07 PIP'A CEME-25035 06/28/2021 06/28/2021 Book
© 2023 Central Library, National University of Sciences and Technology. All Rights Reserved.